[Event "Dubai op 20th"]
[Site "Dubai"]
[Date "2018.04.10"]
[Round "9"]
[White "San Juan, Dennis"]
[Black "Darini, Pouria"]
[Result "0-1"]
[WhiteElo "2123"]
[BlackElo "2478"]
[PlyCount "76"]
[EventDate "2018.04.02"]
[EventType "swiss"]
[EventRounds "9"]
[EventCountry "UAE"]
[SourceTitle "CBM 183 Extra"]
[Source "ChessBase"]
[SourceDate "2018.04.19"]
[SourceVersion "1"]
[SourceVersionDate "2018.04.19"]
[SourceQuality "1"]

1. d4 Nf6 2. Nf3 g6 3. Bf4 Bg7 4. e3 0-0 5. h3 c5 6. c3 d6 7. Be2 Be6 8. 0-0 Qb6 9. Qc1 Nc6 10. Nbd2 cxd4 11. exd4 Rac8 12. Qb1 Bf5 13. Bd3 Bxd3 14. Qxd3 Nd5 15. Bg3 Qxb2 16. Ne4 Qa3 17. Rfb1 Na5 18. Ne1 Nxc3 19. Nc2 Qa4 20. Nxc3 Qc4 21. Qxc4 Rxc4 22. Nd5 Rxc2 23. Nxe7+ Kh8 24. Bxd6 Rd8 25. Rc1 Rxc1+ 26. Rxc1 Rxd6 27. Rc8+ Bf8 28. Rxf8+ Kg7 29. Ra8 a6 30. d5 Rd7 31. Re8 Nc4 32. Nc8 Rxd5 33. Re2 Rc5 34. Ne7 b5 35. g4 f6 36. f4 Kf7 37. Kf2 b4 38. Kf3 a5 0-1

[Event "Al Ain op 4th"]
[Site "Al Ain"]
[Date "2015.12.25"]
[Round "3"]
[White "San Juan, Dennis"]
[Black "Nitish, Belurkar"]
[Result "0-1"]
[WhiteElo "2101"]
[BlackElo "2304"]
[PlyCount "82"]
[EventDate "2015.12.23"]
[EventType "swiss"]
[EventRounds "9"]
[EventCountry "UAE"]
[SourceTitle "CBM 170 Extra"]
[Source "ChessBase"]
[SourceDate "2016.02.25"]
[SourceVersion "1"]
[SourceVersionDate "2016.02.25"]
[SourceQuality "1"]

1. d4 d6 2. Nf3 Bg4 3. Nbd2 Nf6 4. g3 Nbd7 5. e4 e5 6. c3 c6 7. Bg2 Be7 8. 0-0 0-0 9. b3 Re8 10. Re1 Bf8 11. Ba3 Qc7 12. Qc2 Rad8 13. Rad1 h6 14. h3 Bh5 15. g4 Bg6 16. Nh4 Bh7 17. Nf5 Bxf5 18. exf5 exd4 19. cxd4 d5 20. Bc1 Bd6 21. a3 Bf4 22. Nf1 Nb6 23. Qd3 Nc8 24. Qf3 Bxc1 25. Rxc1 Nd6 26. a4 Qb6 27. Qc3 Nde4 28. Qd3 Qb4 29. f3 Nd6 30. Kf2 Nc8 31. Ng3 Nb6 32. h4 Rxe1 33. Rxe1 c5 34. dxc5 Qxc5+ 35. Kf1 Qd6 36. Kf2 Qf4 37. Bh3 d4 38. Kg2 Nbd5 39. Nf1 Qd6 40. Re4 Nxe4 41. Qxe4 d3 0-1

[Event "Sharjah op blitz"]
[Site "Sharjah"]
[Date "2014.07.09"]
[Round "5"]
[White "Hamdan, Marshool"]
[Black "San Juan, Dennis"]
[Result "0-1"]
[WhiteElo "1754"]
[BlackElo "2101"]
[PlyCount "94"]
[EventDate "2014.07.09"]
[EventType "swiss (blitz)"]
[EventRounds "9"]
[EventCountry "UAE"]
[SourceTitle "EXT 2016"]
[Source "ChessBase"]
[SourceDate "2015.10.08"]
[SourceVersion "1"]
[SourceVersionDate "2015.10.08"]
[SourceQuality "1"]

1. e4 e5 2. Nf3 Nc6 3. d4 exd4 4. Nxd4 Nf6 5. Nc3 Bb4 6. Nxc6 bxc6 7. Bd3 0-0 8. 0-0 h6 9. e5 Nh7 10. Ne4 d5 11. exd6 cxd6 12. c3 Ba5 13. Qc2 d5 14. Ng3 Nf6 15. Re1 Bb6 16. Nf5 Be6 17. Bf4 Ng4 18. Bg3 Bxf5 19. Bxf5 Qg5 20. h4 Qh5 21. Bxg4 Qxg4 22. Kh1 f5 23. Qd2 f4 24. Bh2 Qxh4 25. Re2 Rae8 26. Rxe8 Rxe8 27. Qxf4 Qxf4 28. Bxf4 Bxf2 29. Rf1 Re2 30. b4 Rxa2 31. Kh2 g5 32. Bd6 g4 33. Kh1 h5 34. Bc7 g3 35. Be5 Kh7 36. Bd4 h4 37. Bxf2 Rxf2 38. Ra1 Kg6 39. Kg1 Rc2 40. Kf1 Rxc3 41. Rxa7 Rc2 42. Ra6 Kf5 43. Rb6 Rf2+ 44. Kg1 Rc2 45. Kf1 Ke4 46. Rb8 Kd3 47. Rh8 Rc1# 0-1